[Event "Staatsliga B - Ost 2002/03"]
[Site "Stockerau, Alte Au - Blabolilheim"]
[Date "2003.01.26"]
[Round "7"]
[Board "1"]
[White "Staudner, Oliver"]
[Black "Videki, Sandor"]
[Result "0-1"]
[WhiteElo "2360"]
[BlackElo "2424"]
[PlyCount "76"]

1.e4 c5 2.Nf3 d6 3.d4 cxd4 4.Qxd4 a6 5.c4 Nc6 6.Qd2 g6 7.Nc3 Nf6 8.Be2 Bg7 9.O-O
O-O 10.Rb1 Bg4 11.b3 Nd7 12.Bb2 Qa5 13.Rfd1 Rfc8 14.Qe3 Rab8 15.Rd5 Qd8 16.Rbd1
Qf8 17.Qf4 Bxf3 18.Qxf3 Nb4 19.R5d2 Bh6 20.Rd4 Nc6 21.Rd5 Nf6 22.Rxd6 Ne5
23.Rxf6 Nxf3+ 24.Rxf3 Bg7 25.Ba3 Bxc3 26.Rxc3 Rd8 27.Rd5 Qg7 28.Bb2 e6 29.Rc2
Qh6 30.Bc1 Qh4 31.Rxd8+ Rxd8 32.g4 h5 33.Bf4 hxg4 34.c5 Rd4 35.Bg3 Qd8 36.Bxg4
Rxe4 37.Bf3 Re1+ 38.Kg2 Qd3

[Event "Staatsliga B - Ost 2002/03"]
[Site "Stockerau, Alte Au - Blabolilheim"]
[Date "2003.01.26"]
[Round "7"]
[Board "2"]
[White "Neumeier, Klaus"]
[Black "Plachetka, Jan"]
[Result "1/2-1/2"]
[WhiteElo "2271"]
[BlackElo "2451"]
[PlyCount "56"]

1.e4 c5 2.Nf3 Nc6 3.Bb5 e5 4.O-O Nge7 5.c3 a6 6.Ba4 b5 7.Bc2 d6 8.h3 Qb6 9.a4
Rb8 10.axb5 axb5 11.d3 g6 12.Be3 Bg7 13.Nbd2 f5 14.exf5 Nxf5 15.Ne4 O-O 16.Bb3+
Kh8 17.Nfg5 Nd8 18.g4 Nxe3 19.fxe3 Rxf1+ 20.Qxf1 c4 21.dxc4 Qxe3+ 22.Qf2 Qxf2+
23.Kxf2 bxc4 24.Bxc4 Rxb2+ 25.Kg1 Bb7 26.Nxd6 Bh6 27.Nxb7 Bxg5 28.Nd6 h5

[Event "Staatsliga B - Ost 2002/03"]
[Site "Stockerau, Alte Au - Blabolilheim"]
[Date "2003.01.26"]
[Round "7"]
[Board "3"]
[White "Vokroj, Rene"]
[Black "Hechl, Gerald"]
[Result "1-0"]
[WhiteElo "2287"]
[BlackElo "2250"]
[PlyCount "103"]

1.e4 c5 2.Nf3 e6 3.Qe2 Nc6 4.g3 g6 5.Bg2 Bg7 6.O-O Nge7 7.d3 d5 8.e5 Qc7 9.Re1
b6 10.c4 h6 11.h4 O-O 12.Bf4 a6 13.Nc3 Qd8 14.Bh3 Nd4 15.Nxd4 cxd4 16.Nb1 Bb7
17.b3 Qd7 18.Nd2 Rac8 19.Rac1 Kh7 20.Red1 Rc7 21.Nf3 Nc6 22.Bg2 dxc4 23.bxc4 b5
24.Nd2 Qd8 25.cxb5 axb5 26.Nb3 Rc8 27.Rc5 Qb6 28.Rdc1 Rfd8 29.Bd2 b4 30.h5 Ne7
31.hxg6+ fxg6 32.Bxb7 Qxb7 33.Rxc8 Nxc8 34.Rc4 Rd5 35.f4 Bf8 36.Qg2 Qd7 37.Bxb4
Bxb4 38.Rxb4 Ne7 39.Qb2 Qa7 40.Nd2 Rd7 41.Rb6 Nd5 42.Rxe6 Rb7 43.Nb3 Nc3 44.Qg2
Nxa2 45.Qe4 Rg7 46.f5 Qf7 47.Nxd4 Nc1 48.f6 Qa7 49.fxg7 Qxd4+ 50.Qxd4 Ne2+
51.Kf2 Nxd4 52.Rxg6

[Event "Staatsliga B - Ost 2002/03"]
[Site "Stockerau, Alte Au - Blabolilheim"]
[Date "2003.01.26"]
[Round "7"]
[Board "4"]
[White "Pichler, Michael"]
[Black "Schumi, Manfred"]
[Result "1/2-1/2"]
[WhiteElo "2195"]
[BlackElo "2217"]
[PlyCount "48"]

1.e4 c5 2.Nc3 Nc6 3.g3 g6 4.Bg2 Bg7 5.d3 d6 6.f4 e6 7.Nf3 Nge7 8.O-O O-O 9.Be3
Nd4 10.Qd2 Nec6 11.e5 dxe5 12.Nxe5 Nxe5 13.fxe5 Bxe5 14.Ne4 Nf5 15.Bxc5 Bd4+
16.Bxd4 Qxd4+ 17.Kh1 Kg7 18.g4 Nh4 19.c3 Qd8 20.Nf6 Nxg2 21.Qxg2 Qc7 22.Qh3 h6
23.Rf2 Bd7 24.Raf1 Bc6+

[Event "Staatsliga B - Ost 2002/03"]
[Site "Stockerau, Alte Au - Blabolilheim"]
[Date "2003.01.26"]
[Round "7"]
[Board "5"]
[White "Rogetzer, Klaus"]
[Black "Mayr, Thomas"]
[Result "1/2-1/2"]
[WhiteElo "2135"]
[BlackElo "2086"]
[PlyCount "97"]

1.d4 d5 2.c4 c6 3.e3 e6 4.Nc3 Nf6 5.Qc2 Nbd7 6.Nf3 Bd6 7.Bd3 O-O 8.O-O Re8 9.c5
Bc7 10.e4 e5 11.Be3 h6 12.Rad1 Qe7 13.Rfe1 dxe4 14.Nxe4 Nd5 15.Nd6 Nb4 16.Bh7+
Kh8 17.Qc4 Bxd6 18.cxd6 Qxd6 19.dxe5 Qe7 20.Bb1 Nd5 21.Qc2 Nf8 22.Bc5 Bf5
23.Qxf5 Qxc5 24.Qxf7 Re7 25.Qf5 Rae8 26.Rc1 Qb4 27.b3 Qf4 28.Qd3 g5 29.Rc4 Qf7
30.Rce4 Nf4 31.Qd4 Re6 32.R4e3 N8g6 33.b4 Nd5 34.Ra3 a6 35.Bd3 Qf4 36.Qxf4 Ngxf4
37.Bf5 R6e7 38.g3 Ne6 39.Rb3 Kg7 40.a4 Nec7 41.Rd1 Nb6 42.Rd6 Ne6 43.Rbd3 Nxa4
44.Rd7 Nf8 45.R7d6 Nb6 46.h4 Nc4 47.hxg5 hxg5 48.Nxg5 Rxe5 49.Rd7+

[Event "Staatsliga B - Ost 2002/03"]
[Site "Stockerau, Alte Au - Blabolilheim"]
[Date "2003.01.26"]
[Round "7"]
[Board "1"]
[White "Varga, Zoltan"]
[Black "Palkovi, Jozsef"]
[Result "1-0"]
[WhiteElo "2533"]
[BlackElo "2398"]
[PlyCount "48"]

1.d4 Nf6 2.Nd2 c5 3.dxc5 e6 4.Nb3 Na6 5.Qd4 Nd5 6.c3 b6 7.cxb6 axb6 8.e4 Nf6
9.Bg5 Nc5 10.Nd2 h6 11.Bxf6 gxf6 12.Ngf3 Bb7 13.Bb5 Rg8 14.O-O e5 15.Qe3 Ne6
16.b4 Nc7 17.Bc4 h5 18.Bb3 d5 19.Rad1 Ra6 20.Rfe1 Qa8 21.Nh4 Rg4 22.Nf5 dxe4
23.Kf1 Rg5 24.Ng3 Qc8 {abgebrochen}

[Event "Staatsliga B - Ost 2002/03"]
[Site "Stockerau, Alte Au - Blabolilheim"]
[Date "2003.01.26"]
[Round "7"]
[Board "2"]
[White "Rumpl, Erwin"]
[Black "Schweda, Roland"]
[Result "0-1"]
[WhiteElo "2245"]
[BlackElo "2354"]
[PlyCount "126"]

1.e4 c5 2.Nf3 Nc6 3.d4 cxd4 4.Nxd4 g6 5.c4 Bg7 6.Be3 Nf6 7.Nc3 O-O 8.Be2 d6
9.O-O Bd7 10.Qd2 Nxd4 11.Bxd4 Bc6 12.f3 Nd7 13.Be3 a5 14.b3 Nc5 15.Rab1 f5
16.exf5 Rxf5 17.a3 a4 18.b4 Nb3 19.Qd3 Re5 20.Rbd1 Bd7 21.g4 Qf8 22.f4 Re6
23.Bf3 Bxc3 24.Qxc3 Bc6 25.f5 gxf5 26.Bxc6 bxc6 27.Rxf5 Qg7 28.Rg5 Rg6 29.Qxg7+
Kxg7 30.h4 Kf7 31.Rxg6 hxg6 32.Kg2 Rh8 33.Kg3 Ke6 34.Bg5 Kd7 35.Rf1 c5 36.Rf7
Re8 37.bxc5 Nxc5 38.Rg7 Ne6 39.Rxg6 Rb8 40.h5 Rb3+ 41.Kg2 Rxa3 42.h6 Ra2+ 43.Kg3
Ra3+ 44.Kg2 Ra2+ 45.Kf3 Rh2 46.Kg3 Rh1 47.Bd2 a3 48.Bc3 Rc1 49.Bh8 a2 50.Rg8 Rh1
51.g5 Nxg5 52.Rxg5 e5 53.Rg7+ Ke6 54.Ra7 a1=Q 55.Rxa1 Rxa1 56.Kf3 Rh1 57.Bg7 Kf5
58.Kg2 Rh5 59.Kf3 Kg6 60.Ke4 Rh4+ 61.Kd3 Rd4+ 62.Kc3 Rd1 63.Kc2 Rh1

[Event "Staatsliga B - Ost 2002/03"]
[Site "Stockerau, Alte Au - Blabolilheim"]
[Date "2003.01.26"]
[Round "7"]
[Board "3"]
[White "Vavrak, Peter"]
[Black "Gugler, Edgar"]
[Result "1-0"]
[WhiteElo "2397"]
[BlackElo "2225"]
[PlyCount "85"]

1.d4 Nf6 2.c4 c6 3.Nf3 g6 4.g3 Bg7 5.Bg2 O-O 6.O-O d5 7.cxd5 cxd5 8.Ne5 b6 9.Nc3
Bb7 10.Be3 Nbd7 11.Qa4 Nxe5 12.dxe5 Ne4 13.Nxe4 dxe4 14.Bxe4 b5 15.Qc2 Rc8
16.Qb1 Bxe4 17.Qxe4 Qc7 18.Bd4 Qc2 19.Qe3 a6 20.Rfd1 Qf5 21.Rac1 Rfd8 22.Rxc8
Qxc8 23.Rd3 Qe6 24.a3 h5 25.Qe4 Qc4 26.e3 Qc2 27.Kg2 a5 28.b4 axb4 29.axb4 Qb1
30.f3 Kh7 31.Rc3 Qxb4 32.Rc7 Qd2+ 33.Kh3 Qe2 34.Rxe7 Qf1+ 35.Kh4 Qg2 36.h3 Kg8
37.Qf4 Rf8 38.e6 Bxd4 39.exf7+ Kh7 40.exd4 Qa2 41.Qf6 b4 42.Re8 g5+ 43.Kxg5

[Event "Staatsliga B - Ost 2002/03"]
[Site "Stockerau, Alte Au - Blabolilheim"]
[Date "2003.01.26"]
[Round "7"]
[Board "4"]
[White "Waller, Helmut"]
[Black "Stranz, Richard"]
[Result "0-1"]
[WhiteElo "2175"]
[BlackElo "2252"]
[PlyCount "62"]

1.e4 c5 2.c3 d5 3.exd5 Qxd5 4.d4 Nc6 5.Nf3 cxd4 6.cxd4 e5 7.Nc3 Bb4 8.Bd2 Bxc3
9.Bxc3 e4 10.Ne5 Nxe5 11.dxe5 Ne7 12.Qa4+ Bd7 13.Qa3 Qe6 14.Rd1 O-O 15.Rd6 Qf5
16.Be2 Be6 17.O-O Qg6 18.Bb4 Nf5 19.Rxe6 fxe6 20.Bxf8 Rxf8 21.Rd1 e3 22.fxe3 Qg5
23.Rf1 Rc8 24.Rf3 Nh4 25.Rg3 Qxe5 26.Bd3 Rc1+ 27.Kf2 Qf6+ 28.Rf3 Nxf3 29.gxf3
Qh4+ 30.Kg2 Qg5+ 31.Kh3 Rg1

[Event "Staatsliga B - Ost 2002/03"]
[Site "Stockerau, Alte Au - Blabolilheim"]
[Date "2003.01.26"]
[Round "7"]
[Board "5"]
[White "Krpelan, Wolfgang"]
[Black "Wadsack, Wolfgang"]
[Result "1-0"]
[WhiteElo "2217"]
[BlackElo "2162"]
[PlyCount "77"]

1.c4 c6 2.Nf3 d5 3.b3 Nf6 4.Bb2 Bg4 5.e3 Nbd7 6.Be2 e6 7.O-O Bd6 8.d4 Ne4 9.Nbd2
Nxd2 10.Qxd2 O-O 11.a4 Qe7 12.Rfd1 Rfd8 13.c5 Bc7 14.b4 Bxf3 15.Bxf3 e5 16.b5 e4
17.Be2 Qh4 18.g3 Qg5 19.Bc3 h5 20.bxc6 bxc6 21.Ba5 Bxa5 22.Qxa5 Nf8 23.Rab1 Rd7
24.Qa6 Rc7 25.Rb7 Qe7 26.Rdb1 Rac8 27.Qxc6 Qd8 28.Qa6 h4 29.Rxc7 Rxc7 30.Qa5
hxg3 31.hxg3 Qe7 32.Rb8 g6 33.Qa6 Kg7 34.Bb5 Ne6 35.Qd6 Qg5 36.Be2 Re7 37.Kg2
Qf6 38.a5 Nc7 39.Rb7

[Event "Staatsliga B - Ost 2002/03"]
[Site "Stockerau, Alte Au - Blabolilheim"]
[Date "2003.01.26"]
[Round "7"]
[Board "6"]
[White "Wadsack, Winfried"]
[Black "Ranits, Franz"]
[Result "0-1"]
[WhiteElo "2149"]
[BlackElo "2209"]
[PlyCount "74"]

1.e4 Nf6 2.e5 Nd5 3.d4 d6 4.Bc4 Nb6 5.Bb3 d5 6.Nc3 Nc6 7.Be3 Bf5 8.Qf3 e6 9.g4
Bg6 10.h4 Bb4 11.Qg3 h6 12.Nge2 a5 13.a4 Nc4 14.Bxc4 dxc4 15.O-O-O Bxc3 16.Nxc3
Nb4 17.Rd2 Qd7 18.Rhd1 O-O-O 19.Nb5 Be4 20.Bf4 Bc6 21.Na7+ Kb8 22.Nxc6+ Qxc6
23.Qa3 c3 24.bxc3 Nd5 25.Bg3 Nxc3 26.Re1 Nxa4 27.Rd3 Rd5 28.Kd2 Rhd8 29.Qa1 Qc4
30.Re4 Nc5 31.Rf4 Qxd3+ 32.cxd3 Nb3+ 33.Kc3 Nxa1 34.Kb2 Rxd4 35.Kxa1 Rxf4
36.Bxf4 Rxd3 37.g5 Rf3

[Event "Staatsliga B - Ost 2002/03"]
[Site "Stockerau, Alte Au - Blabolilheim"]
[Date "2003.01.26"]
[Round "7"]
[Board "1"]
[White "Pingitzer, Harald"]
[Black "Likavsky, Tomas"]
[Result "1/2-1/2"]
[WhiteElo "2372"]
[BlackElo "2465"]
[PlyCount "97"]

1.Nf3 e6 2.c4 b6 3.e3 Bb7 4.b3 Be7 5.Bb2 Bf6 6.Nc3 Ne7 7.Qc2 d5 8.cxd5 Nxd5
9.Nxd5 Bxd5 10.Bb5+ c6 11.Be2 c5 12.Bb5+ Bc6 13.Bxc6+ Nxc6 14.Bxf6 Qxf6 15.O-O
Ne5 16.Nxe5 Qxe5 17.b4 Ke7 18.bxc5 Qxc5 19.Qa4 Qa5 20.Qg4 g6 21.Qh4+ g5 22.Qg3
Rac8 23.f4 Rhg8 24.fxg5 Qxg5 25.Qf3 Kd6 26.Rac1 Qd5 27.Qf4+ e5 28.Qf6+ Qe6
29.Rxc8 Rxc8 30.Qg5 Qxa2 31.d4 exd4 32.exd4 Re8 33.Qf4+ Kc6 34.Qf3+ Kc7 35.Rc1+
Kb8 36.Qg3+ Kb7 37.Rc7+ Ka6 38.Qd3+ b5 39.Rc6+ Kb7 40.Qxb5+ Ka8 41.Rc1 Qe6
42.Rf1 Rd8 43.h3 Qd5 44.Qxd5+ Rxd5 45.Rxf7 h5 46.Kf2 Rxd4 47.g4 hxg4 48.Ke3 Rb4
49.hxg4

[Event "Staatsliga B - Ost 2002/03"]
[Site "Stockerau, Alte Au - Blabolilheim"]
[Date "2003.01.26"]
[Round "7"]
[Board "2"]
[White "Dudas, Jan"]
[Black "Kummer, Helmut"]
[Result "0-1"]
[WhiteElo "2341"]
[BlackElo "2341"]
[PlyCount "96"]

1.d4 f5 2.g3 Nf6 3.Bg2 g6 4.Nf3 Bg7 5.O-O O-O 6.b3 Ne4 7.Bb2 d6 8.Ne1 c5 9.f3
Ng5 10.Qc1 Ne6 11.d5 Nd4 12.Rf2 e5 13.e3 Nb5 14.c4 Nc7 15.Nc3 Nd7 16.Qd2 Nf6
17.Nd3 Bd7 18.a3 b6 19.b4 a6 20.a4 cxb4 21.Nxb4 Qe7 22.a5 bxa5 23.Rxa5 Rfb8
24.Ba3 Qd8 25.Nc6 Bxc6 26.dxc6 Nfe8 27.Rf1 Rb6 28.Rd1 Rxc6 29.c5 Ne6 30.Qd5 Qxa5
31.Qxc6 Rd8 32.Nb1 Qc7 33.Qd5 Kf7 34.cxd6 Qb6 35.Kh1 Nf6 36.Qxe5 Ne4 37.Qd5 Nf2+
38.Kg1 Nxd1 39.Qxd1 Qxe3+ 40.Kh1 Bf8 41.f4 Bxd6 42.Bxd6 Rxd6 43.Qf1 Qd3 44.Qg1
Nd4 45.Bf1 Ne2 46.Qa7+ Rd7 47.Qf2 Qe4+ 48.Qg2 Rd1

[Event "Staatsliga B - Ost 2002/03"]
[Site "Stockerau, Alte Au - Blabolilheim"]
[Date "2003.01.26"]
[Round "7"]
[Board "3"]
[White "Schneider-Zinner, Harald"]
[Black "Plank, Franz"]
[Result "1-0"]
[WhiteElo "2353"]
[BlackElo "2256"]
[PlyCount "72"]

1.d4 d5 2.c4 e6 3.Nf3 c6 4.g3 dxc4 5.Bg2 Nd7 6.O-O Ngf6 7.a4 a5 8.Na3 Bxa3
9.bxa3 Qb6 10.Ne5 Qb3 11.Qxb3 cxb3 12.Rb1 Nxe5 13.dxe5 Nd7 14.f4 Kd8 15.Be3 Kc7
16.Rxb3 b6 17.f5 Nc5 18.Bxc5 bxc5 19.f6 g6 20.Rc1 Bd7 21.Rxc5 Rhb8 22.Rbc3 Ra6
23.g4 h6 24.Kf2 Rh8 25.Be4 Rd8 26.Bd3 Raa8 27.Bb5 Kb6 28.Bxc6 Rac8 29.Rb5+ Ka7
30.Rxa5+ Kb6 31.Rb5+ Ka7 32.Rb7+ Ka6 33.Rxd7 Rxd7 34.Bb5+ Kb7 35.Rxc8 Kxc8
36.Bxd7+ Kxd7

[Event "Staatsliga B - Ost 2002/03"]
[Site "Stockerau, Alte Au - Blabolilheim"]
[Date "2003.01.26"]
[Round "7"]
[Board "4"]
[White "Todor, Razvan"]
[Black "Hansen, Kay"]
[Result "1/2-1/2"]
[WhiteElo "2202"]
[BlackElo "2265"]
[PlyCount "94"]

1.d4 d5 2.Nf3 c6 3.e3 Bg4 4.c4 Bxf3 5.Qxf3 e6 6.Nc3 Nf6 7.cxd5 exd5 8.Bd3 Be7
9.O-O O-O 10.Bd2 Re8 11.Ne2 a5 12.Ng3 Bd6 13.Nf5 Bf8 14.Qh3 Qd7 15.f3 g6 16.Nh6+
Kg7 17.g4 Ng8 18.Nf5+ Kh8 19.Ng3 Na6 20.a3 Nc7 21.f4 Nf6 22.f5 Ne4 23.Bxe4 dxe4
24.fxg6 fxg6 25.Rf2 Bg7 26.Raf1 Nd5 27.Rf7 Re7 28.Rxe7 Qxe7 29.Qg2 Re8 30.Qe2 a4
31.Rf2 Qd7 32.h3 Qc7 33.Kg2 Bxd4 34.exd4 e3 35.Rf3 Nf4+ 36.Rxf4 Qxf4 37.Bc3 Rf8
38.d5+ Kg8 39.dxc6 bxc6 40.Be1 Qd4 41.Nf1 Qe4+ 42.Kh2 Rf3 43.Ng3 Qd5 44.Qc2 Qb5
45.Kg2 Rf4 46.Qe2 Qd5+ 47.Kh2 Qe4

[Event "Staatsliga B - Ost 2002/03"]
[Site "Stockerau, Alte Au - Blabolilheim"]
[Date "2003.01.26"]
[Round "7"]
[Board "5"]
[White "Holzer, Gerhard"]
[Black "Trkulja, Zoran"]
[Result "1-0"]
[WhiteElo "2236"]
[BlackElo "2232"]
[PlyCount "47"]

1.e4 e6 2.Nc3 d5 3.Nf3 d4 4.Ne2 c5 5.c3 Nc6 6.cxd4 cxd4 7.Qa4 Bd7 8.Nexd4 Qb6
9.Bb5 Nf6 10.Nxc6 bxc6 11.Be2 g5 12.Ne5 Bc5 13.O-O Bd4 14.Nxd7 Nxd7 15.Rb1 h5
16.b3 Nf6 17.Bb2 O-O-O 18.Rbc1 Kb7 19.Rc4 c5 20.Bxd4 Rxd4 21.Rxd4 cxd4 22.Rc1
Rd8 23.Ba6+ Ka8 24.Rc6

[Event "Staatsliga B - Ost 2002/03"]
[Site "Stockerau, Alte Au - Blabolilheim"]
[Date "2003.01.26"]
[Round "7"]
[Board "6"]
[White "Allacher, Erwin"]
[Black "Schwab, Rene"]
[Result "1-0"]
[WhiteElo "2214"]
[BlackElo "2227"]
[PlyCount "63"]

1.d4 c6 2.c4 b5 3.cxb5 cxb5 4.Bf4 Bb7 5.Nd2 e6 6.e3 Nf6 7.Ngf3 Qb6 8.a4 bxa4
9.Be2 Bb4 10.O-O Bd5 11.Nc4 Qb7 12.Nd6+ Bxd6 13.Bxd6 Ne4 14.Ba3 Bb3 15.Qd3 f6
16.Nd2 Nxd2 17.Qxd2 Kf7 18.Rac1 Nc6 19.e4 Rac8 20.e5 Bd5 21.exf6 Bxg2 22.Qg5
Rhg8 23.Qxg2 Qb6 24.Bh5+ Kxf6 25.Qf3+ Kg5 26.Rc5+ d5 27.Kh1 g6 28.b4 Kh6 29.Qf6
Kxh5 30.Rg1 g5 31.Bc1 h6 32.Rc3

[Event "Staatsliga B - Ost 2002/03"]
[Site "Stockerau, Alte Au - Blabolilheim"]
[Date "2003.01.26"]
[Round "7"]
[Board "1"]
[White "Balinov, Ilija"]
[Black "Lau, Ralf"]
[Result "0-1"]
[WhiteElo "2444"]
[BlackElo "2506"]
[PlyCount "98"]

1.c4 e5 2.Nc3 d6 3.g3 g6 4.Bg2 Bg7 5.e3 Ne7 6.Nge2 O-O 7.O-O Nbc6 8.Rb1 Bf5 9.d3
Qd7 10.Nd5 Nxd5 11.cxd5 Ne7 12.e4 Bh3 13.Bxh3 Qxh3 14.Qb3 Rfb8 15.Bg5 Qd7 16.Nc3
c5 17.Qb5 Qc7 18.a4 a6 19.Qc4 Nc8 20.b4 Nb6 21.Qa2 cxb4 22.Rxb4 Nd7 23.Rc4 Qa5
24.Bd2 Nc5 25.Rb1 Rc8 26.Qc2 Bf8 27.Nd1 Qd8 28.a5 Rab8 29.Qc3 Na4 30.Rxc8 Rxc8
31.Qb4 Nc5 32.Nb2 Rb8 33.Na4 Nxd3 34.Qc3 Qe8 35.Nb6 Nc5 36.Qb4 f5 37.exf5 gxf5
38.Be3 Nd3 39.Qc4 e4 40.Bd4 Qf7 41.f3 Qe7 42.fxe4 Qxe4 43.Qc3 Bh6 44.h4 Be3+
45.Bxe3 Qxe3+ 46.Kh2 Qe2+ 47.Kh1 Re8 48.Qd4 Qf3+ 49.Kg1 Re2

[Event "Staatsliga B - Ost 2002/03"]
[Site "Stockerau, Alte Au - Blabolilheim"]
[Date "2003.01.26"]
[Round "7"]
[Board "2"]
[White "Wukits, Rene"]
[Black "Miniboeck, Guenter"]
[Result "1/2-1/2"]
[WhiteElo "2296"]
[BlackElo "2335"]
[PlyCount "107"]

1.d4 Nf6 2.c4 e6 3.Nc3 Bb4 4.e3 c5 5.Bd3 Nc6 6.Nf3 Bxc3+ 7.bxc3 d6 8.O-O e5
9.Nd2 O-O 10.Rb1 Qe7 11.d5 e4 12.Nxe4 Nxe4 13.dxc6 bxc6 14.Qc2 f5 15.f3 Nf6
16.Bd2 Be6 17.Rb2 Nd7 18.Rb7 Qd8 19.e4 f4 20.g3 fxg3 21.hxg3 Qc8 22.Rbb1 Ne5
23.Be2 Bxc4 24.Bxc4+ Nxc4 25.Bf4 Rxf4 26.gxf4 Ne3 27.Qb3+ c4 28.Qb7 Nxf1
29.Qxc8+ Rxc8 30.Kxf1 Rc7 31.Ke2 Kf7 32.f5 g6 33.fxg6+ hxg6 34.Ke3 c5 35.Rb8 g5
36.Rd8 Ke7 37.Rg8 Kf6 38.Rd8 Rc6 39.Rd7 Ra6 40.a4 Ke6 41.Rg7 Kf6 42.Rd7 Ke6
43.Rg7 Rxa4 44.Rg6+ Ke7 45.e5 dxe5 46.Ke4 Ra3 47.Kxe5 Rxc3 48.Rg7+ Kf8 49.Rxg5
Rxf3 50.Ke4 Ra3 51.Rxc5 c3 52.Kd3 Ke7 53.Rxc3 Rxc3+ 54.Kxc3

[Event "Staatsliga B - Ost 2002/03"]
[Site "Stockerau, Alte Au - Blabolilheim"]
[Date "2003.01.26"]
[Round "7"]
[Board "3"]
[White "Brandner, Stefan"]
[Black "Kreindl, Helmut"]
[Result "1-0"]
[WhiteElo "2300"]
[BlackElo "2230"]
[PlyCount "75"]

1.e4 d5 2.exd5 Nf6 3.d4 Nxd5 4.Nf3 Bg4 5.Be2 Nc6 6.O-O e6 7.c4 Nb6 8.Nc3 Be7
9.b3 O-O 10.Bb2 Bf6 11.Ne4 Bxf3 12.Nxf6+ Qxf6 13.Bxf3 Rfd8 14.Bxc6 bxc6 15.Qe2
Qf5 16.Rad1 Nd7 17.Rd3 Nf6 18.Re1 a5 19.Rf3 Qg5 20.d5 Kh8 21.Bxf6 gxf6 22.dxe6
fxe6 23.Qxe6 Rd6 24.Qf7 Qg7 25.Qxg7+ Kxg7 26.g3 a4 27.b4 a3 28.Ree3 Rd2 29.Rxa3
Rxa2 30.Rad3 Rf8 31.c5 Rf7 32.Rde3 Kg6 33.Re6 Ra6 34.Kg2 h6 35.Rf4 h5 36.b5 Ra5
37.b6 Rxc5 38.Rexf6+

[Event "Staatsliga B - Ost 2002/03"]
[Site "Stockerau, Alte Au - Blabolilheim"]
[Date "2003.01.26"]
[Round "7"]
[Board "4"]
[White "Schwaninger, Wolfgang"]
[Black "Eibersberger, Manfred"]
[Result "1-0"]
[WhiteElo "2188"]
[BlackElo "2134"]
[PlyCount "61"]

1.e4 g6 2.d4 Bg7 3.c3 d5 4.e5 c5 5.Bb5+ Bd7 6.Bxd7+ Qxd7 7.Ne2 f6 8.exf6 Nxf6
9.dxc5 Na6 10.b4 O-O 11.O-O e5 12.a4 Rac8 13.Qd3 Kh8 14.Rd1 Ng4 15.f3 e4 16.Qxe4
dxe4 17.Rxd7 exf3 18.gxf3 Rxf3 19.Nd4 Rd3 20.Bd2 Nxb4 21.Rxb7 Rxd4 22.cxd4 Bxd4+
23.Kg2 Bxa1 24.Rxb4 Ne5 25.Be3 Nc6 26.Rb7 a5 27.Nd2 Bd4 28.Bxd4+ Nxd4 29.Ne4 Ne6
30.Nf6 Rc7 31.Rb8+

[Event "Staatsliga B - Ost 2002/03"]
[Site "Stockerau, Alte Au - Blabolilheim"]
[Date "2003.01.26"]
[Round "7"]
[Board "6"]
[White "Zsifkovits, Robert"]
[Black "Herndlbauer, Martin"]
[Result "1-0"]
[WhiteElo "2109"]
[BlackElo "2162"]
[PlyCount "114"]

1.d4 d5 2.c4 c6 3.Nc3 dxc4 4.Nf3 b5 5.g3 Bb7 6.Bg2 Nd7 7.O-O Ngf6 8.a4 a6 9.Qc2
e6 10.Rd1 Nd5 11.b3 Qa5 12.Nxd5 cxd5 13.Bd2 Qd8 14.bxc4 bxc4 15.Rab1 Bc6 16.e4
Be7 17.h4 h6 18.exd5 exd5 19.Re1 O-O 20.Qf5 Nf6 21.a5 Ne4 22.Ne5 Qc8 23.Bxe4
dxe4 24.Nxc6 Qxc6 25.Qxe4 Qxe4 26.Rxe4 Bf6 27.Rb6 Rfc8 28.Bc3 h5 29.Kf1 Kh7
30.Ke2 Kg6 31.Kf3 Rcb8 32.Re1 Rxb6 33.axb6 Rb8 34.Rb1 Rb7 35.Ke4 Bd8 36.Ba5 f5+
37.Kd5 c3 38.Kc6 c2 39.Rc1 Rb8 40.Kd7 Bxb6 41.Bxb6 Rxb6 42.Rxc2 a5 43.d5 a4
44.Kc7 Ra6 45.d6 a3 46.d7 Ra7+ 47.Kc6 Ra6+ 48.Kb7 a2 49.Rc1 Rd6 50.Kc7 Rd3
51.d8=Q Rc3+ 52.Rxc3 a1=Q 53.Qg5+ Kh7 54.Qxh5+ Kg8 55.Qe8+ Kh7 56.Qe3 Qa5+
57.Kd6 Qc5+

[Event "Staatsliga B - Ost 2002/03"]
[Site "Stockerau, Alte Au - Blabolilheim"]
[Date "2003.01.26"]
[Round "7"]
[Board "1"]
[White "Polak, Tomas"]
[Black "Danner, Georg"]
[Result "1-0"]
[WhiteElo "2475"]
[BlackElo "2377"]
[PlyCount "133"]

1.d4 Nf6 2.c4 e6 3.Nf3 Bb4+ 4.Bd2 Qe7 5.g3 Nc6 6.Bg2 d6 7.Bxb4 Nxb4 8.a3 Nc6
9.Nc3 O-O 10.O-O e5 11.e3 a5 12.h3 Bf5 13.Kh2 h6 14.Nh4 Bd7 15.f4 exd4 16.exd4
Rfe8 17.Nb5 Rac8 18.b3 Qe2 19.Re1 Qxe1 20.Qxe1 Rxe1 21.Rxe1 Re8 22.Nf3 Rxe1
23.Nxe1 Ne8 24.Nc2 b6 25.Ne3 Ne7 26.Nc3 h5 27.Bf3 g6 28.g4 hxg4 29.hxg4 f6
30.Kg3 Kf7 31.b4 axb4 32.axb4 c6 33.Na4 Nc8 34.c5 bxc5 35.bxc5 dxc5 36.Nxc5 Ke7
37.Be4 g5 38.fxg5 fxg5 39.Nc4 Nf6 40.Ne5 Nxe4+ 41.Nxe4 Be8 42.Nxg5 Nd6 43.Kf4
Nb5 44.Ke4 Nc3+ 45.Kf5 Ne2 46.Ngf3 Kd6 47.Ke4 Ng3+ 48.Kf4 Ne2+ 49.Ke3 Ng3 50.Nd2
Kd5 51.Nd3 Bd7 52.Nf2 Kd6 53.Kf3 Nf5 54.Nde4+ Kc7 55.gxf5 Bxf5 56.Nc5 Kb6
57.Nfd3 Kb5 58.Ne5 Bh3 59.Ke3 Bg2 60.Ne4 Kb6 61.Nd3 Kc7 62.Nec5 Kd6 63.Nf4 Bf1
64.Ncd3 c5 65.dxc5+ Kc6 66.Kf2 Bxd3 67.Nxd3

[Event "Staatsliga B - Ost 2002/03"]
[Site "Stockerau, Alte Au - Blabolilheim"]
[Date "2003.01.26"]
[Round "7"]
[Board "2"]
[White "Petran, Peter"]
[Black "Groetz, Harald"]
[Result "1-0"]
[WhiteElo "2372"]
[BlackElo "2322"]
[PlyCount "83"]

1.g3 g6 2.Bg2 Bg7 3.d4 Nf6 4.e4 d6 5.Ne2 O-O 6.h3 c5 7.c3 cxd4 8.cxd4 Nc6 9.O-O
Qa5 10.d5 Ne5 11.Nbc3 Qa6 12.b3 e6 13.dxe6 Bxe6 14.Be3 Rac8 15.f4 Nd3 16.Qd2
Rfe8 17.Rad1 Nc5 18.f5 Bd7 19.fxg6 hxg6 20.Qxd6 Rc6 21.Qd2 Bc8 22.e5 Rxe5 23.Bf4
Re8 24.Bxc6 Qxc6 25.g4 Nce4 26.Nxe4 Nxe4 27.Qd3 b5 28.Nd4 Qb6 29.Kh2 a6 30.Nf3
Bb7 31.Qd7 Bc6 32.Qc7 Qc5 33.Rc1 Nc3 34.Rc2 b4 35.Ng5 Qd5 36.Qd6 Qb5 37.Rcf2 Re2
38.Nxf7 Rxf2+ 39.Rxf2 Ne4 40.Nh6+ Bxh6 41.Qe6+ Kg7 42.Be5+

[Event "Staatsliga B - Ost 2002/03"]
[Site "Stockerau, Alte Au - Blabolilheim"]
[Date "2003.01.26"]
[Round "7"]
[Board "3"]
[White "Hangweyrer, Manfred"]
[Black "Lipka, Juraj"]
[Result "1/2-1/2"]
[WhiteElo "2315"]
[BlackElo "2432"]
[PlyCount "33"]

1.Nf3 Nf6 2.g3 d5 3.Bg2 c6 4.O-O Bg4 5.h3 Bxf3 6.exf3 e6 7.f4 Be7 8.d3 O-O 9.Nd2
Nfd7 10.Nf3 c5 11.c4 dxc4 12.dxc4 Nc6 13.Be3 Qc7 14.Qe2 Rad8 15.Rad1 b6 16.b3
Ndb8 17.Ng5

[Event "Staatsliga B - Ost 2002/03"]
[Site "Stockerau, Alte Au - Blabolilheim"]
[Date "2003.01.26"]
[Round "7"]
[Board "4"]
[White "Brod, Manfred"]
[Black "Stanivukovic, Drago"]
[Result "1/2-1/2"]
[WhiteElo "2237"]
[BlackElo "2196"]
[PlyCount "40"]

1.e4 d6 2.d4 Nf6 3.Nc3 g6 4.Be3 Bg7 5.f3 c6 6.Qd2 b5 7.g4 Nbd7 8.g5 Nh5 9.Nge2
e5 10.d5 b4 11.dxc6 Nb6 12.Nb5 Nc4 13.Qxb4 Be6 14.Bxa7 Qxg5 15.Nc7+ Ke7 16.Nxa8
Rxa8 17.Qb7+ Kf6 18.Qxa8 Qd2+ 19.Kf2 Bh6 20.Qh8+ Ke7

[Event "Staatsliga B - Ost 2002/03"]
[Site "Stockerau, Alte Au - Blabolilheim"]
[Date "2003.01.26"]
[Round "7"]
[Board "6"]
[White "Savio, Alfred"]
[Black "Schirmbeck, Hannes"]
[Result "0-1"]
[WhiteElo "2066"]
[BlackElo "2144"]
[PlyCount "73"]

1.d4 Nf6 2.Nf3 e6 3.Bg5 d5 4.Nbd2 Be7 5.e3 O-O 6.Bd3 b6 7.O-O c5 8.c3 Ba6 9.Bxa6
Nxa6 10.Ne5 Qc7 11.Qe2 Nb8 12.Bf4 Qb7 13.Rfd1 Nc6 14.Nxc6 Qxc6 15.h3 Rac8 16.Qa6
Qa8 17.a4 Rc6 18.Nf3 Nd7 19.Qe2 Rfc8 20.dxc5 Rxc5 21.e4 Nf6 22.e5 Ne4 23.Be3 Rc4
24.Rd4 Qb8 25.Rad1 Rxd4 26.Rxd4 Qb7 27.Nd2 Nc5 28.Rg4 Qc6 29.Bh6 g6 30.Qf3 Nxa4
31.Rf4 Qe8 32.c4 Nc5 33.cxd5 exd5 34.Rd4 Qc6 35.Rxd5 g5 36.Rd6 Qxf3 37.Nxf3

[Event "Staatsliga B - Ost 2002/03"]
[Site "Veranstaltungszentrum des Wienerwaldmuseums, Hauptstr.17, 3032 Eichgraben"]
[Date "2003.02.15"]
[Round "8"]
[Board "1"]
[White "Palkovi, Jozsef"]
[Black "Volkmann, Friedrich"]
[Result "0-1"]
[WhiteElo "2398"]
[BlackElo "2434"]
[PlyCount "94"]

1.e4 e5 2.Nc3 Nf6 3.f4 d5 4.fxe5 Nxe4 5.Nf3 Bb4 6.Qe2 Bxc3 7.dxc3 Nc6 8.Bf4 f6
9.O-O-O fxe5 10.c4 Qf6 11.Bxe5 Nxe5 12.Rxd5 O-O 13.Qxe4 Nxf3 14.gxf3 c6 15.Re5
Qxf3 16.Qxf3 Rxf3 17.Bd3 g6 18.Rhe1 Bh3 19.c5 Kf8 20.Be4 Rf1 21.Rxf1+ Bxf1
22.Kd2 Re8 23.Rxe8+ Kxe8 24.Ke3 Ke7 25.Kd4 Kf6 26.b4 h5 27.h4 g5 28.hxg5+ Kxg5
29.Ke3 h4 30.Kf3 Bh3 31.b5 Bf5 32.bxc6 Bxe4+ 33.Kxe4 bxc6 34.Kf3 a5 35.Kg2 a4
36.a3 Kg4 37.Kh2 Kf4 38.Kh3 Ke3 39.Kxh4 Kd4 40.Kg4 Kxc5 41.Kf3 Kd4 42.Ke2 Kc3
43.Kd1 Kb2 44.Kd2 Kxa3 45.Kc1 Ka2 46.c4 c5 47.Kc2 a3